[Event "Porto Alegre op"]
[Site "Porto Alegre"]
[Date "2023.08.26"]
[Round "2"]
[White "Calazans, Joao Pedro Arsego"]
[Black "Calsing, Ado"]
[Result "1/2-1/2"]
[WhiteElo "1794"]
[BlackElo "1886"]
[PlyCount "62"]
[EventDate "2023.08.25"]
[EventType "swiss"]
[EventRounds "5"]
[EventCountry "BRA"]
[SourceTitle "EXT 2024"]
[Source "ChessBase"]
[SourceDate "2023.10.10"]
[SourceVersion "1"]
[SourceVersionDate "2023.10.10"]
[SourceQuality "1"]

1. d4 Nf6 2. Nc3 d5 3. Bf4 c6 4. e3 Bf5 5. f3 h6 6. g4 Bh7 7. Bd3 e6 8. a3 Bd6 9. Nge2 Qc7 10. Bxh7 Rxh7 11. Qd3 Rh8 12. 0-0-0 Nbd7 13. Bxd6 Qxd6 14. e4 dxe4 15. fxe4 e5 16. Qg3 0-0-0 17. h4 h5 18. g5 Ng4 19. Rhf1 Qe7 20. d5 Nb6 21. Qf3 Rhf8 22. Rd3 Kb8 23. Rfd1 c5 24. Ng3 g6 25. d6 Qd7 26. Nd5 Nxd5 27. Rxd5 b6 28. Qb3 c4 29. Qc3 f6 30. gxf6 Rxf6 31. Nf1 Nf2 1/2-1/2